00835nam a2200157 450000500170000000800420001704000420005905000370010110000280013824501870016626000970035330000270045050201140047750400430059185200430063420240906104010.0240906b xxu||||| |||| 00| 0 eng d0 a\a NG-ZaABUc\c NG-ZaABUd\d NG-ZaABU a\a HF 554. 5. U48 Umab\b 517138 aa Umar, Abdulkadir Umar a\a Assessment of the Effect of Motivation on Employee Turnover in Dawakinkudu and Tarauni Local Government Education Authorities of Kano Statec\c by Umar Abdulkadir Umarh\h [Text] a\a Zaria:b\v Department of Public Administration, Ahmadu Bello University, Zaria,c\c 2018. a\a xix,167p.:b\b ill. a\a Faculty of Administration, Ahmadu Bello University, zARIAb\b (MSc) In Public Administrationd\d May, 2018 a\a Includes bibliographical references a\a K.I.L.c\c Africana Unitp\p 517138